Les chevaliers du roy

Kaydedildi:
Detaylı Bibliyografya
Yazar: Pierre, Georges (Yazar)
Materyal Türü: Kitap
Dil:Fransızca
Baskı/Yayın Bilgisi: Tours Maison Alfred Mame 1926
Konular:
Etiketler: Etiketle
Etiket eklenmemiş, İlk siz ekleyin!

MARC

LEADER 00000nam a2200000 a 4500
001 UCZ9494
003 CL-VaPUC
008 960308e19260000FR |||||||||||||||||fre|d
082 0 4 |a 843  |b PIE  |2 21 
100 0 |a Pierre, Georges  |e author  |9 354510 
245 1 4 |a Les chevaliers du roy 
300 |a 364 p 
942 |c BK 
945 |d 19960308 00:00:00  |a rleighto 
260 |a Tours  |b Maison Alfred Mame  |c 1926 
650 7 |a NOVELA HISTORICA FRANCESA  |2 CL-VaPUC  |9 354511 
583 |a last modification  |c 19960308 00:00:00  |k Rodrigo Vera 
999 |c 244795  |d 244793 
952 |0 0  |1 0  |4 0  |6 843_000000000000000_PIE_1926  |7 0  |8 A  |9 258991  |a BIBEDU  |b BIBEDU  |d 2019-11-19  |i 317414K  |o 843 PIE 1926  |p 317414K  |r 2019-11-19  |w 2019-11-19  |y BK  |k LIT